<?xml version="1.0" encoding="UTF-8"?>
<marc:record xmlns:marc="http://www.loc.gov/MARC21/slim">
   <marc:leader>00000nam a2200000 a 4500</marc:leader>
   <marc:datafield ind1="1" ind2=" " tag="100">
      <marc:subfield code="a">Đilas, Milovan</marc:subfield>
      <marc:subfield code="4">aut</marc:subfield>
      <marc:subfield code="e">Verfasser/-in</marc:subfield>
   </marc:datafield>
   <marc:datafield ind1="1" ind2=" " tag="100">
      <marc:subfield code="a">Pejaković, Branko</marc:subfield>
      <marc:subfield code="4">trl</marc:subfield>
      <marc:subfield code="e">Übersetzer/-in</marc:subfield>
   </marc:datafield>
   <marc:datafield ind1=" " ind2=" " tag="653">
      <marc:subfield code="a">Geschichte 1941-1945</marc:subfield>
   </marc:datafield>
   <marc:datafield ind1=" " ind2=" " tag="653">
      <marc:subfield code="a">Weltkrieg</marc:subfield>
   </marc:datafield>
   <marc:datafield ind1=" " ind2=" " tag="653">
      <marc:subfield code="a">Partisanenkrieg</marc:subfield>
   </marc:datafield>
   <marc:datafield ind1=" " ind2=" " tag="653">
      <marc:subfield code="a">Jugoslawien; Partisanen; Krieg; Erinnerungen</marc:subfield>
   </marc:datafield>
   <marc:datafield ind1=" " ind2=" " tag="653">
      <marc:subfield code="a">Softcover / Belletristik/Historische Romane</marc:subfield>
   </marc:datafield>
   <marc:datafield ind1=" " ind2=" " tag="653">
      <marc:subfield code="a">Erzählungen</marc:subfield>
   </marc:datafield>
   <marc:datafield ind1=" " ind2=" " tag="653">
      <marc:subfield code="a">Erlebnisbericht</marc:subfield>
   </marc:datafield>
   <marc:datafield ind1="0" ind2="0" tag="245">
      <marc:subfield code="a">Der Krieg der Partisanen</marc:subfield>
   </marc:datafield>
   <marc:datafield ind1="0" ind2="0" tag="245">
      <marc:subfield code="c">Milovan Djilas ; Deutsch von Branko Pejakovic ; mit einem Vorwort von John K. Cox</marc:subfield>
   </marc:datafield>
   <marc:datafield ind1=" " ind2="1" tag="264">
      <marc:subfield code="a">Klagenfurt am Wörthersee</marc:subfield>
      <marc:subfield code="b">Sisyphus</marc:subfield>
   </marc:datafield>
   <marc:datafield ind1=" " ind2=" " tag="250">
      <marc:subfield code="a">1. Aufl.</marc:subfield>
   </marc:datafield>
   <marc:datafield ind1="1" ind2=" " tag="520">
      <marc:subfield code="a">Angaben aus der Verlagsmeldung

Der Krieg der Partisanen : Deutsch von Branko Pejakovic / von Milovan Djilas

Als 1941 die Deutsche Wehrmacht und ihre Verbündeten Jugoslawien besetzten und untereinander aufteilten, begannen zuerst die monarchistischen und großserbischen Tschetniks und etwas später – nach dem Angriff des Dritten Reiches auf die UdSSR – die Kommunisten einen Guerillakrieg gegen die Besatzer. Milovan Djilas, als wortgewaltiger Ideologe und Anführer des ersten Aufstandes in Montenegro eine der zentralen Figuren der jugoslawischen KP, war im Partisanenkampf Einheitskommandeur, Mitglied des obersten Stabes, Propagandist und Verhandler in wichtigsten Angelegenheiten. Djilas, später einer der prominentesten Dissidenten der kommunistischen Welt, legte in den 1970er-Jahren mit diesem zweiten Buch seiner literarischen Lebenserinnerungen einen packenden und unverblümten autobiographischen Bericht des revolutionären Krieges vor: Er verschwieg dabei anscheinend nichts, beschönigte nichts, schilderte ein Leben des Kampfes, der Entbehrung und des Schreckens, ein Leben inmitten ständiger Vernichtung und drohender kollektiver Auslöschung durch einen übermächtigen Feind und schließlich den Sieg als Verbündete der Alliierten Truppen. Eines der wesentlichen geschichtlichen Zeugnisse des Zwanzigsten Jahrhunderts und zugleich ein großes, ein einzigartiges Buch.
</marc:subfield>
   </marc:datafield>
   <marc:datafield ind1=" " ind2=" " tag="020">
      <marc:subfield code="a">9783901960925</marc:subfield>
      <marc:subfield code="9">9783901960925</marc:subfield>
   </marc:datafield>
   <marc:datafield ind1=" " ind2=" " tag="041">
      <marc:subfield code="a">ger</marc:subfield>
   </marc:datafield>
   <marc:datafield ind1=" " ind2=" " tag="300">
      <marc:subfield code="a">601 Seiten</marc:subfield>
   </marc:datafield>
</marc:record>
